000 00741 a2200181 4500
003 NUST
005 20230607165337.0
020 _a0818672226
040 _cNust
082 _a005.8,SYM
245 _aSymposium on network and distributed system security /
260 _aCalifornia
_bSan Diego
_c1996
300 _a163 p.;
505 _aElectronic mail security(Page-2), Distributed object systems(Page-26), Distributed system security(Page-43), Panel intellectual property protection(Page-77), Network security(Page-79), key management(Page-114), Encryption(Page-137), Panel-public key infrastructure(Page-162).
650 _anetwork and distributed system security
_9113064
710 _aCalifornia
_943698
942 _cBK
_2ddc
_k005.8,SYM
999 _c176208
_d176208